Largest Countries by Letter - Statistics

General Stats
  • This quiz has been taken 167 times
  • The average score is 19 of 24
Answer Stats
Overall Rank Letter Country Size (SQ Miles) % Correct
5 B Brazil 3,286,486
96%
2 C Canada 3,851,807
96%
6 A Australia 2,967,908
95%
7 I India 1,265,345
95%
1 R Russia 6,592,768
93%
47 F France 211,209
92%
48 Y Yemen 203,850
91%
3 U United States 3,717,811
90%
38 Z Zambia 290,585
90%
156 Q Qatar 4,415
89%
82 O Oman 82,031
87%
61 G Germany 137,846
84%
32 V Venezuela 352,144
84%
60 J Japan 145,882
82%
24 E Ethiopia 435,815
80%
9 K Kazakhstan 1,049,054
77%
100 H Honduras 43,278
73%
13 M Mexico 761,605
72%
19 P Peru 496,226
68%
21 N Niger 489,191
66%
12 D Democratic Republic of the Congo 905,567
62%
16 L Libya 679,361
61%
14 S Saudi Arabia 756,984
59%
30 T Tanzania 364,899
51%
No matching quizzes found
Score Distribution
Percent of People with Each Score
Percentile by Number Answered
Your Score History
You have not taken this quiz